000 00338nam a2200145Ia 4500
008 230917s9999||||xx |||||||||||||| ||und||
040 _e140098
_aMAIN
041 _aEnglish
082 _a785 D491V
100 _aDav, B C
245 0 _aVadya Yantra
260 _aNew Delhi
_bNational book trust
_c1993
300 _a122p. p.
942 _cBK
999 _c77445
_d77445